<?xml version="1.0" encoding="UTF-8"?>
<record
    xmlns:xsi="http://www.w3.org/2001/XMLSchema-instance"
    xsi:schemaLocation="http://www.loc.gov/MARC21/slim http://www.loc.gov/standards/marcxml/schema/MARC21slim.xsd"
    xmlns="http://www.loc.gov/MARC21/slim">

  <leader>03760njm a2200565Ia 4500</leader>
  <controlfield tag="001">24603</controlfield>
  <controlfield tag="003">IT-RoPAU</controlfield>
  <controlfield tag="005">20220918181159.0</controlfield>
  <controlfield tag="008">131025s9999    xx            000 0 und d</controlfield>
  <datafield tag="040" ind1=" " ind2=" ">
    <subfield code="a">IT-RoPAU</subfield>
  </datafield>
  <datafield tag="040" ind1=" " ind2=" ">
    <subfield code="c">IT-RoPAU</subfield>
  </datafield>
  <datafield tag="041" ind1=" " ind2=" ">
    <subfield code="a">ITALIANO</subfield>
  </datafield>
  <datafield tag="999" ind1=" " ind2=" ">
    <subfield code="c">102863</subfield>
    <subfield code="d">102863</subfield>
  </datafield>
  <datafield tag="999" ind1=" " ind2=" ">
    <subfield code="b">n.d.</subfield>
  </datafield>
  <datafield tag="100" ind1=" " ind2=" ">
    <subfield code="a">AA.VV.</subfield>
    <subfield code="9">794</subfield>
  </datafield>
  <datafield tag="100" ind1=" " ind2=" ">
    <subfield code="e">Autore musica</subfield>
    <subfield code="9">10892</subfield>
  </datafield>
  <datafield tag="100" ind1=" " ind2=" ">
    <subfield code="g">Codice autore musica SPICS: 12000</subfield>
    <subfield code="9">796</subfield>
  </datafield>
  <datafield tag="245" ind1=" " ind2=" ">
    <subfield code="a">Ribalta per due</subfield>
  </datafield>
  <datafield tag="250" ind1=" " ind2=" ">
    <subfield code="a">1a ed.</subfield>
  </datafield>
  <datafield tag="260" ind1=" " ind2=" ">
    <subfield code="a">MILANO</subfield>
  </datafield>
  <datafield tag="260" ind1=" " ind2=" ">
    <subfield code="b">RUSTY RECORDS</subfield>
    <subfield code="c">1971 [1a Ed.:1971]</subfield>
  </datafield>
  <datafield tag="300" ind1=" " ind2=" ">
    <subfield code="a">DISCO</subfield>
  </datafield>
  <datafield tag="500" ind1=" " ind2=" ">
    <subfield code="a">Canzone italiana. Antologia di canzoni italiane dal 1910 al 1945</subfield>
  </datafield>
  <datafield tag="505" ind1=" " ind2=" ">
    <subfield code="a">Non ho pi&#xF9;... (La veste a fiori blu) - Parlami d'amore Mari&#xF9; - L'uccellino della radio - Addormentarmi cos&#xEC; - Piemontesina - Serenata celeste - Malinconia d'amore - Che musetto - Vieni... vieni... - Un giorno ti dir&#xF2; - Ba... ba... baciami piccina - Ti voglio tanto bene</subfield>
  </datafield>
  <datafield tag="511" ind1=" " ind2=" ">
    <subfield code="a">Silvana Fioresi e Dino D'Alba</subfield>
  </datafield>
  <datafield tag="650" ind1=" " ind2=" ">
    <subfield code="a">CANZONE ITALIAN [DISCHI]</subfield>
    <subfield code="e">Codice MATERIA SPICS: 9950</subfield>
    <subfield code="9">10893</subfield>
  </datafield>
  <datafield tag="700" ind1=" " ind2=" ">
    <subfield code="a">D'Amico Anna</subfield>
    <subfield code="d">Codice autore musica SPICS: 16122</subfield>
    <subfield code="e">Autore musica</subfield>
    <subfield code="p">Non ho pi&#xF9;... (La veste a fiori blu)</subfield>
    <subfield code="9">10894</subfield>
  </datafield>
  <datafield tag="700" ind1=" " ind2=" ">
    <subfield code="a">D'Anzi Giovanni</subfield>
    <subfield code="d">Codice autore testo/musica SPICS: 13458</subfield>
    <subfield code="e">Autore testo/musica</subfield>
    <subfield code="p">Non ho pi&#xF9;... (La veste a fiori blu) - Malinconia d'amore</subfield>
    <subfield code="9">10895</subfield>
  </datafield>
  <datafield tag="700" ind1=" " ind2=" ">
    <subfield code="a">Neri Ennio</subfield>
    <subfield code="d">Codice autore musica SPICS: 13457</subfield>
    <subfield code="e">Autore musica</subfield>
    <subfield code="p">Parlami d'amore Mari&#xF9;</subfield>
    <subfield code="9">10896</subfield>
  </datafield>
  <datafield tag="700" ind1=" " ind2=" ">
    <subfield code="a">Bixio Cesare Andrea</subfield>
    <subfield code="d">Codice autore testo/musica SPICS: 13441</subfield>
    <subfield code="e">Autore testo/musica</subfield>
    <subfield code="p">Parlami d'amore Mari&#xF9;</subfield>
    <subfield code="9">10897</subfield>
  </datafield>
  <datafield tag="700" ind1=" " ind2=" ">
    <subfield code="a">Morbelli Riccardo</subfield>
    <subfield code="d">Codice autore musica SPICS: 13446</subfield>
    <subfield code="e">Autore musica</subfield>
    <subfield code="p">L'uccellino della radio</subfield>
    <subfield code="9">10898</subfield>
  </datafield>
  <datafield tag="700" ind1=" " ind2=" ">
    <subfield code="a">Nizza Angelo</subfield>
    <subfield code="d">Codice autore SPICS: 13378</subfield>
    <subfield code="e">Autore</subfield>
    <subfield code="p">L'uccellino della radio</subfield>
    <subfield code="9">10899</subfield>
  </datafield>
  <datafield tag="700" ind1=" " ind2=" ">
    <subfield code="a">Filippi Alfio</subfield>
    <subfield code="d">Codice autore testo/musica SPICS: 11235</subfield>
    <subfield code="e">Autore testo/musica</subfield>
    <subfield code="p">L'uccellino della radio</subfield>
    <subfield code="9">10900</subfield>
  </datafield>
  <datafield tag="700" ind1=" " ind2=" ">
    <subfield code="a">Biri (Ferrari Ornella)</subfield>
    <subfield code="d">Codice autore musica SPICS: 13608</subfield>
    <subfield code="e">Autore musica</subfield>
    <subfield code="p">Addormentarmi cos&#xEC;</subfield>
    <subfield code="9">10901</subfield>
  </datafield>
  <datafield tag="700" ind1=" " ind2=" ">
    <subfield code="a">Mascheroni Vittorio</subfield>
    <subfield code="d">Codice autore testo/musica SPICS: 13134</subfield>
    <subfield code="e">Autore testo/musica</subfield>
    <subfield code="p">Addormentarmi cos&#xEC;</subfield>
    <subfield code="9">10902</subfield>
  </datafield>
  <datafield tag="700" ind1=" " ind2=" ">
    <subfield code="a">Frati Enrico</subfield>
    <subfield code="d">Codice autore musica SPICS: 13443</subfield>
    <subfield code="e">Autore musica</subfield>
    <subfield code="p">Piemontesina</subfield>
    <subfield code="9">10903</subfield>
  </datafield>
  <datafield tag="700" ind1=" " ind2=" ">
    <subfield code="a">Raimondo Giovanni</subfield>
    <subfield code="d">Codice autore testo/musica SPICS: 13444</subfield>
    <subfield code="e">Autore testo/musica</subfield>
    <subfield code="p">Piemontesina</subfield>
    <subfield code="9">10904</subfield>
  </datafield>
  <datafield tag="700" ind1=" " ind2=" ">
    <subfield code="a">Fiorelli Giuseppe</subfield>
    <subfield code="d">Codice autore musica SPICS: 13362</subfield>
    <subfield code="e">Autore musica</subfield>
    <subfield code="p">Serenata celeste</subfield>
    <subfield code="9">10905</subfield>
  </datafield>
  <datafield tag="700" ind1=" " ind2=" ">
    <subfield code="a">Ruccione Mario</subfield>
    <subfield code="d">Codice autore testo/musica SPICS: 13479</subfield>
    <subfield code="e">Autore testo/musica</subfield>
    <subfield code="p">Serenata celeste</subfield>
    <subfield code="9">10906</subfield>
  </datafield>
  <datafield tag="700" ind1=" " ind2=" ">
    <subfield code="a">Ceragioli Enzo</subfield>
    <subfield code="d">Codice autore musica SPICS: 13191</subfield>
    <subfield code="e">Autore musica</subfield>
    <subfield code="p">Che musetto</subfield>
    <subfield code="9">10907</subfield>
  </datafield>
  <datafield tag="700" ind1=" " ind2=" ">
    <subfield code="a">Testoni Giancarlo</subfield>
    <subfield code="d">Codice autore testo/musica SPICS: 13524</subfield>
    <subfield code="e">Autore testo/musica</subfield>
    <subfield code="p">Che musetto</subfield>
    <subfield code="9">10908</subfield>
  </datafield>
  <datafield tag="700" ind1=" " ind2=" ">
    <subfield code="a">Rastelli Nino</subfield>
    <subfield code="d">Codice autore musica SPICS: 13482</subfield>
    <subfield code="e">Autore musica</subfield>
    <subfield code="p">Vieni... vieni...</subfield>
    <subfield code="9">10909</subfield>
  </datafield>
  <datafield tag="700" ind1=" " ind2=" ">
    <subfield code="a">Scotto Vincent</subfield>
    <subfield code="d">Codice autore testo/musica SPICS: 13394</subfield>
    <subfield code="e">Autore testo/musica</subfield>
    <subfield code="p">Vieni... vieni...</subfield>
    <subfield code="9">10910</subfield>
  </datafield>
  <datafield tag="700" ind1=" " ind2=" ">
    <subfield code="a">Bertini Umberto</subfield>
    <subfield code="d">Codice autore musica SPICS: 13511</subfield>
    <subfield code="e">Autore musica</subfield>
    <subfield code="p">Un giorno ti dir&#xF2;</subfield>
    <subfield code="9">10911</subfield>
  </datafield>
  <datafield tag="700" ind1=" " ind2=" ">
    <subfield code="a">Kramer Gorni</subfield>
    <subfield code="d">Codice autore testo/musica SPICS: 11552</subfield>
    <subfield code="e">Autore testo/musica</subfield>
    <subfield code="p">Un giorno ti dir&#xF2;</subfield>
    <subfield code="9">10912</subfield>
  </datafield>
  <datafield tag="700" ind1=" " ind2=" ">
    <subfield code="a">Morbelli Riccardo</subfield>
    <subfield code="d">Codice autore musica SPICS: 13446</subfield>
    <subfield code="e">Autore musica</subfield>
    <subfield code="p">Ba... ba... baciami piccina</subfield>
    <subfield code="9">10913</subfield>
  </datafield>
  <datafield tag="700" ind1=" " ind2=" ">
    <subfield code="a">Astore Luigi</subfield>
    <subfield code="d">Codice autore testo/musica SPICS: 13374</subfield>
    <subfield code="e">Autore testo/musica</subfield>
    <subfield code="p">Ba... ba... baciami piccina</subfield>
    <subfield code="9">10914</subfield>
  </datafield>
  <datafield tag="700" ind1=" " ind2=" ">
    <subfield code="a">Furn&#xF2; Domenico</subfield>
    <subfield code="d">Codice autore musica SPICS: 13476</subfield>
    <subfield code="e">Autore musica</subfield>
    <subfield code="p">Ti voglio tanto bene</subfield>
    <subfield code="9">10915</subfield>
  </datafield>
  <datafield tag="700" ind1=" " ind2=" ">
    <subfield code="a">De Curtis Ernesto</subfield>
    <subfield code="d">Codice autore testo/musica SPICS: 13475</subfield>
    <subfield code="e">Autore testo/musica</subfield>
    <subfield code="p">Ti voglio tanto bene</subfield>
    <subfield code="9">10916</subfield>
  </datafield>
  <datafield tag="942" ind1=" " ind2=" ">
    <subfield code="c">MD</subfield>
    <subfield code="2">ddc</subfield>
  </datafield>
  <datafield tag="952" ind1=" " ind2=" ">
    <subfield code="0">0</subfield>
    <subfield code="1">0</subfield>
    <subfield code="4">0</subfield>
    <subfield code="6">24603_000000000000000</subfield>
    <subfield code="7">1</subfield>
    <subfield code="a">SPICS</subfield>
    <subfield code="b">SPICS</subfield>
    <subfield code="d">2013-10-25</subfield>
    <subfield code="l">0</subfield>
    <subfield code="o">24603</subfield>
    <subfield code="r">2013-10-25 00:00:00</subfield>
    <subfield code="w">2013-10-25</subfield>
    <subfield code="y">MD</subfield>
    <subfield code="z">Progr. Ins.: 5298 / N.Vol.: 1 / Copie: 1 - Copia rara: n.d. / date import: 01.01.2014 - By Epidotti, Trombetti, Vaglietti</subfield>
  </datafield>
</record>
